00536nam a2200193Ia 4500008004100000040001900041041001200060082002300072100001800095245004400113250001200157260004500169300002100214504001800235630002800253650002200281651002100303850001800324131103s9999 xx 000 0 und d aLoreto College aEnglish a320/APPbLCBKB/132 aAppadorai, A. 4aThe Substance of politicscA. Appadorai a11th ed aNew DelhibOxford University Pressc2004 axiv,583p c 22cm aInclude index aPolitical Organizations aPolitical Science aPolitical Theory aLCBKB/320/APP